000 01124cam a22003134a 4500
999 _c2044
_d2044
001 15223400
003 OSt
005 20191105162706.0
008 080318s2009 caua b 001 0 eng
010 _a 2008011837
020 _a9781412957021 (pbk.)
020 _a1412957028 (pbk.)
035 _a(OCoLC)ocn213600564
035 _a(OCoLC)213600564
040 _aDLC
_cDLC
_dBAKER
_dBTCTA
_dC#P
_dBWX
_dYDXCP
_dDLC
050 0 0 _aT58.64
_b.A985 2009
082 0 0 _a004.06 ARI 2009
_222
100 1 _aAvison, D. E.; Torkzadeh, Gholamreza.
_95303
245 1 0 _aInformation Systems Project Management
260 _aLos Angeles :
_bSAGE,
_cc2009.
300 _axvi, 480 p. :
_bill. (some col.) ;
_c24 cm.
504 _aIncludes bibliographical references and index.
650 0 _aInformation systems
_95304
650 0 _aProject management
_91888
856 4 1 _3Table of contents only
_uhttp://www.loc.gov/catdir/toc/ecip0813/2008011837.html
906 _a7
_bcbc
_corignew
_d1
_eecip
_f20
_gy-gencatlg
942 _2z
_cSLOAN